Histoire du drapeau du Guyana - Statistiques

Statistiques générales
  • Ce quiz a été pris 19 fois
  • Le résultat moyen est 6 sur 9
Statistiques - réponses
Hint Réponse % Correct
Troisième drapeau de la colonie néerlandaise d'Essequibo (1806-1810)
92%
Premier drapeau de la colonie néerlandaise d'Essequibo (1581-1795)
92%
Guyana (drapeau actuel depuis
92%
Occupation française des Pays-Bas (1810-1814)
83%
Quatrième drapeau de la Guyane britannique (1955-1966)
67%
Premier drapeau de la Guyane britannique (1814-1875)
58%
Troisième drapeau de la Guyane britannique (1906-1955)
58%
Deuxième drapeau de la colonie néerlandaise d'Essequibo (1795-1806)
33%
Deuxième drapeau de la Guyane britannique (1875-1906)
25%
Aucun quiz correspondant
Distribution des résultats
% des personnes avec chaque résultat
Percentile par nombre de réponses
Votre historique - résultats
Vous n’avez pas pris ce quiz